000 01246nam a22002897a 4500
999 _c65608
_d65608
005 20240530110834.0
008 191013s2007 ua a f 000 0 ara d
017 _a2007/23865
_bمصر. دار الكتب
020 _a9773132072
040 _aEG-CaGPL
_cEG-CaGPL
082 0 4 _221
_a338.1862
_bق / ا ا
245 0 0 _aاحوال الزراعة والفلاحين فى ظل سياسات التكيف الهيكلى :
_bدراسة حالة مصر /
_c تاليف احمد الحدينى...( واخ )
250 _aط.1
260 _aالقاهرة :
_bمركز المحروسة للنشر والخدمات الصحفية والمعلومات،
_c2007 .
300 _a359 ص. :
_bايض. ؛
_c24 سم .
650 0 7 _2qrmak
_aالزراعة والسياسة
650 0 7 _2qrmak
_aالزراعة
_xاقتصاديات
_zمصر
650 0 7 _2qrmak
_aالزراعة
_xالجوانب الاجتماعية
650 0 7 _2qrmak
_aالفلاحون
651 _2qrmak
700 0 _aحبيب عائب
_eمؤلف مشارك
700 0 _aاحمد الحدينى
_eمؤلف
700 0 _aحسنين كشك
_eمؤلف مشارك
700 0 _aحسام رضا
_eمؤلف مشارك
942 _2ddc
_cBK